000 00256 a2200133 4500
001 59407
020 _a
040 _cAnchieta - Pituba
240 1 0 _aBrasil 500 anos
_lpor
245 1 0 _aBrasil 500 anos
300 _a768
650 4 _aBrasil
942 _cBK
999 _c59407
_d59407